The prologue to the Canterbury tales / (Record no. 3297)

MARC details
000 -LEADER
fixed length control field 01253nam a22003372a 4500
001 - ACCESSION NUMBER
control field 0619
003 - CONTROL NUMBER IDENTIFIER
control field CUTN
005 - DATE AND TIME OF LATEST TRANSACTION
control field 20131024113002.0
008 - FIXED-LENGTH DATA ELEMENTS--GENERAL INFORMATION
fixed length control field 500101s1984 enka 000 0 eng d
010 ## - LIBRARY OF CONGRESS CONTROL NUMBER
LC control number GB85-16781
020 ## - INTERNATIONAL STANDARD BOOK NUMBER
International Standard Book Number 9780195608007
035 ## - SYSTEM CONTROL NUMBER
System control number OCLC ocm13361446 from D950808M
040 ## - CATALOGING SOURCE
Original cataloging agency DLC
Transcribing agency DLC
Modifying agency GZM
-- UKM
-- EQO
041 1# - LANGUAGE CODE
Language code of text/sound track or separate title engenm
Language code of original and/or intermediate translations of text enm
050 #0 - LIBRARY OF CONGRESS CALL NUMBER
Classification number PR1868.P82
Item number C64 1984
082 ## - DEWEY DECIMAL CLASSIFICATION NUMBER
Classification number 821/.1
Edition number 19
092 ## - LOCALLY ASSIGNED DEWEY CALL NUMBER (OCLC)
Classification number D0502850031
100 1# - MAIN ENTRY--PERSONAL NAME
Personal name Chaucer, Geoffrey,
Dates associated with a name -1400.
Locally assigned cutter number (author) CHA
240 10 - UNIFORM TITLE
Uniform title <a href="Canterbury tales.">Canterbury tales.</a>
Name of part/section of a work Prologue
245 14 - TITLE STATEMENT
Title The prologue to the Canterbury tales /
Statement of responsibility, etc by Geoffrey Chaucer in the original text from Caxton's first edition ; with a translation into modern English by Nevill Coghill
260 ## - PUBLICATION, DISTRIBUTION, ETC. (IMPRINT)
Place of publication, distribution, etc Salisbury :
Name of publisher, distributor, etc Perdix Press,
Date of publication, distribution, etc 1984
300 ## - PHYSICAL DESCRIPTION
Extent 80 p. :
Other physical details ill. ;
Dimensions 27 cm
500 ## - GENERAL NOTE
General note Limited edition of 200 copies
650 #0 - SUBJECT ADDED ENTRY--TOPICAL TERM
Topical term or geographic name as entry element Christian pilgrims and pilgrimages
Geographic subdivision England
-- Canterbury
General subdivision Poetry
650 #0 - SUBJECT ADDED ENTRY--TOPICAL TERM
Topical term or geographic name as entry element English poetry
Chronological subdivision Middle English, 1100-1500
Form subdivision Modernized versions
700 1# - ADDED ENTRY--PERSONAL NAME
Personal name Caxton, William,
Dates associated with a name approximately 1422-1491 or 1492.
Title of a work Prologues and epilogues.
700 1# - ADDED ENTRY--PERSONAL NAME
Personal name Coghill, Nevill,
Dates associated with a name 1899-1980.
942 ## - ADDED ENTRY ELEMENTS (KOHA)
Source of classification or shelving scheme Dewey Decimal Classification
Koha item type General Books
Koha issues (borrowed), all copies 1
Holdings
Date last seen Total Checkouts Total Renewals Full call number Barcode Date checked out Copy number Price effective from Koha item type Lost status Source of classification or shelving scheme Damaged status Not for loan Withdrawn status Home library Current library Shelving location Date acquired
08/11/2013 2 1 821/.1 0619 23/10/2013 1 05/06/2013 General Books   Dewey Decimal Classification       CUTN Central Library CUTN Central Library Literature 05/06/2013
11/12/2014 2   821/.1 0615 11/12/2014 2 27/06/2013 General Books   Dewey Decimal Classification       CUTN Central Library CUTN Central Library Literature 27/06/2013
25/09/2023 1   821/.1 508 14/12/2020 3 15/09/2015 General Books   Dewey Decimal Classification       CUTN Central Library CUTN Central Library Literature 15/09/2015